Normal view
MARC view
- قانون المالكين والمستاجرين - قوانين - الاردن
Entry Topical Term
001 - CONTROL NUMBER
- control field: 46916
003 - CONTROL NUMBER IDENTIFIER
- control field: JO-AjAnu
005 - DATE AND TIME OF LATEST TRANSACTION
- control field: 20230606081741.0
008 - FIXED-LENGTH DATA ELEMENTS
- fixed length control field: 230606|| aca||aabn | a|a d
040 ## - CATALOGING SOURCE
- Original cataloging agency: JO-AjAnu
- Transcribing agency: JO-AjAnu
150 ## - HEADING--TOPICAL TERM
- Topical term or geographic name entry element: قانون المالكين والمستاجرين - قوانين - الاردن
670 ## - SOURCE DATA FOUND
- Source citation: Work cat.: (JO-AjAnu)24012: الحلالشة، عبد الرحمن أحمد جمعه, author 46915, قانون المالكين والمستأجرين الأردني: دراسة تحليلية - المبادئ القانونية لمحكمة التمييز الأردنية 1953-2004